Wettbewerbliche Organisation von Elektrizitätsmärkten <ein> Szenario für die Schweiz

Na minha lista:
Detalhes bibliográficos
Autor principal: Egger, Marcel
Formato: Livro
Idioma:alemão
Publicado em: Bern Verlag Paul Haupt 1997
Colecção:Berner Beiträge zur Nationalökonomie Band 81
Assuntos:
Tags: Adicionar Tag
Sem tags, seja o primeiro a adicionar uma tag!

MARC

LEADER 00000nam a2200000 4500
001 c115521
005 20221124075036.0
020 |a 3-258-05683-8 
041 0 |a ger 
044 |a CH 
245 1 0 |a Wettbewerbliche Organisation von Elektrizitätsmärkten  |b <ein> Szenario für die Schweiz  |c Marcel Egger 
264 1 |a Bern  |b Verlag Paul Haupt  |c 1997 
300 |a 207 s. 
490 1 |a Berner Beiträge zur Nationalökonomie  |v Band 81 
830 0 |a Berner Beiträge zur Nationalökonomie  |v Band 81 
610 2 0 |a energetika 
610 2 0 |a elektrina 
610 2 0 |a hospodárstvo energetické 
610 2 0 |a monopoly prirodzené 
610 2 0 |a spotreba energie 
610 2 0 |a vlastníctvo 
610 2 0 |a konkurencia 
610 2 0 |a trh 
610 2 0 |a veľkoobchod 
610 2 0 |a štát 
610 2 0 |a distribúcia 
610 2 0 |a ceny 
610 2 0 |a náklady 
610 2 0 |a modely 
610 2 0 |a výroba energie 
610 2 0 |a podnikanie súkromné 
610 2 0 |a obchod 
610 2 0 |a Švajčiarsko 
100 1 |a Egger, Marcel